|
|
|
|
| LEADER |
00000nam0a2200000 4500 |
| 001 |
75524 |
| 005 |
20231031090805.0 |
| 035 |
|
|
|a (RuTPU)RU\TPU\book\80534
|
| 090 |
|
|
|a 75524
|
| 100 |
|
|
|a 20050328d1985 m y0rusy50 ca
|
| 101 |
0 |
|
|a rus
|
| 102 |
|
|
|a UA
|
| 105 |
|
|
|a a j 001zy
|
| 200 |
1 |
|
|a Основы технологии коксования углей
|e учебное пособие для вузов
|f Е. Я. Эйдельман
|
| 210 |
|
|
|a Киев
|c Вища школа
|d 1985
|
| 215 |
|
|
|a 191 с.
|c ил.
|
| 320 |
|
|
|a Библиогр.: с. 189
|
| 610 |
1 |
|
|a химическая переработка
|
| 610 |
1 |
|
|a коксование
|
| 610 |
1 |
|
|a уголь
|
| 610 |
1 |
|
|a коксовые печи
|
| 610 |
1 |
|
|a конструкции
|
| 610 |
1 |
|
|a огнеупоры
|
| 610 |
1 |
|
|a кокс
|
| 610 |
1 |
|
|a шихта
|
| 610 |
1 |
|
|a теплотехника
|
| 610 |
1 |
|
|a гидравлические режимы
|
| 610 |
1 |
|
|a сушка
|
| 610 |
1 |
|
|a эксплуатация
|
| 610 |
1 |
|
|a производство
|
| 610 |
1 |
|
|a непрерывные процессы
|
| 610 |
1 |
|
|a учебные пособия
|
| 675 |
|
|
|a 662.74(075.8)
|v 3
|
| 700 |
|
1 |
|a Эйдельман
|b Е. Я.
|g Ефрем Яковлевич
|
| 801 |
|
1 |
|a RU
|b 63413507
|c 20050328
|g PSBO
|
| 801 |
|
2 |
|a RU
|b 63413507
|c 20170118
|g PSBO
|
| 942 |
|
|
|c BK
|